000 00354nam a2200145Ia 4500
005 20251223000719.0
008 251222s9999||||xx |||||||||||||| ||spa||
020 _a978-956-260-398-0
082 _a370.114/C32
100 _a" Juan Casassus "
245 0 _aLa educación del ser emocional
250 _a2a.ed.
264 _bCuarto Propio
942 _cLIB
999 _c41583
_d41583